|
|
|
|
| LEADER |
00680cam a2200205 7i4500 |
| 001 |
0000018548 |
| 005 |
20061016090000.0 |
| 022 |
0 |
0 |
|a 0126-8171
|
| 090 |
0 |
0 |
|a M 330.9
|b MIN
|
| 110 |
2 |
0 |
|a Ministry of Finance Malaysia
|
| 245 |
2 |
0 |
|a Economic report 2006/2007.
|
| 260 |
0 |
0 |
|a Putrajaya:
|b Ministry of Finance Malaysia,
|c 2006.
|
| 300 |
# |
# |
|a [v.p].
|
| 500 |
0 |
0 |
|a Vol. 35
|
| 650 |
0 |
0 |
|a Economic conditions --
|z Malaysia
|
| 651 |
0 |
0 |
|a Malaysia
|
| 999 |
|
|
|a B000019324
|b Book
|c Malaysia
|e Business Information Centre
|
| 999 |
|
|
|a PNG000644B
|b Book
|c Malaysia
|e MATRADE Northern Regional Office
|
| 999 |
|
|
|a SBH000622B
|b Book
|c Malaysia
|e MATRADE Sabah
|
| 999 |
|
|
|a SRW000003B
|b Book
|c Malaysia
|e MATRADE Sarawak
|